Представление документа в формате MARC21

ПолеНазваниеЗначение
  Тип записи a
  Библиографический уровень m
001 Контрольный номер RU/URAIT/588742
005 Дата корректировки 20260429163700.9
008 Кодируемые данные 260429s2026 RU y f j 000 0 rus u
020 Индекс ISBN __
a ISBN 978-5-534-14859-6
c Цена, тираж 1969.00
040 Источник каталогиз. __
a Служба первич. каталог. ИКО Юрайт
c Служба, преобразующая запись ИКО Юрайт
e Правила каталог. RCR
041 Код языка издания __
a Код языка текста rus
044 Код страны публикации __
a Код страны публикации RU
080 Индекс УДК __
a Индекс УДК 349.2(075.8)
084 Индекс другой классификации/Индекс ББК __
2 Источник индекса rubbk
a Индекс другой классификации/Индекс ББК 67.405.1я73
100 Автор __
a Автор Петров А. Я.
q Полное имя Петров Алексей Яковлевич
245 Заглавие __
a Заглавие Защита трудовых прав: история, теория и практика
b Продолж. заглавия учебник для вузов
c Ответственность А. Я. Петров.
256 Характеристики компьютерного файла __
a Характеристики компьютерного файла Электрон. дан.
260 Выходные данные __
a Место издания Москва
b Издательство Юрайт
c Дата издания 2026
300 Физическое описание __
a Объем 376 с
440 Серия __
a Серия Высшее образование
500 Примечания __
a Примечание URL: https://urait.ru/bcode/588742 (дата обращения: 29.04.2026).
520 Аннотация __
a Аннотация В курсе рассмотрены концептуальные теоретические и практические вопросы защиты трудовых прав, а также обоснованы нетрадиционные подходы к их решению, представлены нормы трудового права России и международного трудового права. Достоинством курса является исследование современной судебной практики: постановлений и определений Конституционного Суда Российской Федерации, постановлений Пленума Верховного Суда Российской Федерации, решений, определений и постановлений судов общей юрисдикции по конкретным трудовым делам. Курс содержит богатый иллюстративный аппарат и обстоятельный практический комплекс. Соответствует актуальным требованиям федерального государственного образовательного стандарта высшего образования. Издание адресовано студентам, аспирантам и преподавателям образовательных организаций высшего юридического образования, юридических факультетов университетов и академий, а также может быть интересно и полезно работодателям и их представителям, профсоюзным органам, юристам-практикам и менеджерам по персоналу.
538 Прим. о системных особенностях __
a Прим. о системных особенностях Режим доступа: Электронно-библиотечная система Юрайт, для авториз. пользователей
653 Ключевые слова __
a Ключевые слова Трудовое право
653 Ключевые слова __
a Ключевые слова Юридические науки
653 Ключевые слова __
a Ключевые слова Гарантии и защита трудовых прав граждан
653 Ключевые слова __
a Ключевые слова Защита трудовых прав
653 Ключевые слова __
a Ключевые слова Защита трудовых прав работников
856 Электронный адрес документа 40
n Местонахождение сервера Юрайт
g Электронная книга
q Тип электронного формата html
h Имя пользователя ЮРАЙТ
v Часы доступа к ресурсу 20271231
2 Способ доступа Показать документ
x Служебное примечание https://urait.ru/book/cover/D0B21E85-7B56-4964-A316-55EFF9B11C47
u URL https://urait.ru/bcode/588742
856 Электронный адрес документа 48
q Тип электронного формата cover
u URL https://urait.ru/book/cover/D0B21E85-7B56-4964-A316-55EFF9B11C47
911 __
u 0030=https://urait.ru/bcode/588742
911 __
u 073a=9785534148596
u 073d=1969.00
911 __
u 106a=s
911 __
u 900l=
952 Тип литературы __
i Дисциплина Гарантии и защита трудовых прав граждан
952 Тип литературы __
i Дисциплина Защита трудовых прав
952 Тип литературы __
i Дисциплина Защита трудовых прав работников